Partie d'image #3 - Statistiques

Statistiques générales
  • Ce quiz a été pris 48 fois
    20 depuis la dernière actualisation
  • Le résultat moyen est 13 sur 16
Statistiques - réponses
Par images Réponse % Correct
Bouteille d'eau
100%
Cellulaire
100%
Éléphants
100%
Framboises
100%
Ciseaux
95%
Lit
89%
Cloche
84%
Croissant
84%
Montre
84%
Billard
79%
Canette
79%
Peigne
79%
Clés
74%
Jetpunk
74%
Carte du monde
32%
Château Frontenac
11%
Aucun quiz correspondant
Distribution des résultats
% des personnes avec chaque résultat
Percentile par nombre de réponses
Votre historique - résultats
Vous n’avez pas pris ce quiz depuis la dernière actualisation